Fundamentals of children's services(E-BOOK) (Record no. 193061)
[ view plain ]
| 000 -LEADER | |
|---|---|
| fixed length control field | 01291 a2200229 4500 |
| 003 - CONTROL NUMBER IDENTIFIER | |
| control field | Nust |
| 005 - DATE AND TIME OF LATEST TRANSACTION | |
| control field | 20170207154050.0 |
| 010 ## - LIBRARY OF CONGRESS CONTROL NUMBER | |
| LC control number | 2005012335 |
| 020 ## - INTERNATIONAL STANDARD BOOK NUMBER | |
| International Standard Book Number | 0838909078 (alk. paper) |
| 035 ## - SYSTEM CONTROL NUMBER | |
| System control number | (OCoLC)ocm60341484 |
| 040 ## - CATALOGING SOURCE | |
| Transcribing agency | Nust |
| 082 00 - DEWEY DECIMAL CLASSIFICATION NUMBER | |
| Classification number | 027.62/5/0973 |
| 100 1# - MAIN ENTRY--PERSONAL NAME | |
| Personal name | Sullivan, Michael, |
| 245 10 - TITLE STATEMENT | |
| Title | Fundamentals of children's services(E-BOOK) |
| Statement of responsibility, etc. | Michael Sullivan. |
| 260 ## - PUBLICATION, DISTRIBUTION, ETC. | |
| Place of publication, distribution, etc. | Chicago : |
| Name of publisher, distributor, etc. | American Library Association, |
| Date of publication, distribution, etc. | 2005. |
| 300 ## - PHYSICAL DESCRIPTION | |
| Extent | x, 255 p. : |
| Other physical details | ill. ; |
| Dimensions | 23 cm. |
| 440 #0 - SERIES STATEMENT/ADDED ENTRY--TITLE | |
| Title | ALA fundamentals series |
| 505 0# - FORMATTED CONTENTS NOTE | |
| Formatted contents note | Where we fit in -- Principles of children's librarianship -- Whom do children's librarians serve? -- Purposes and components -- Selection and acquisition -- Cataloging and organization -- Evaluation and deselection/weeding -- After-school services -- Reference -- Reader's advisory -- The Internet -- Story hours -- Book discussion groups -- Booktalking -- Entertainment and enrichment programs -- Summer reading programs -- Family programs and family literacy -- Budget and finance -- Planning -- Policy and procedures -- Public relations, promotion, and marketing -- Professional development. |
| 650 #0 - SUBJECT ADDED ENTRY--TOPICAL TERM | |
| Topical term or geographic name entry element | Children's libraries |
| Geographic subdivision | United States. |
| 651 ## - SUBJECT ADDED ENTRY--GEOGRAPHIC NAME | |
| Geographic name | E-BOOK |
| 856 41 - ELECTRONIC LOCATION AND ACCESS | |
| Materials specified | Table of contents |
| Uniform Resource Identifier | <a href="http://www.loc.gov/catdir/toc/ecip0512/2005012335.html">http://www.loc.gov/catdir/toc/ecip0512/2005012335.html</a> |
| 942 ## - ADDED ENTRY ELEMENTS (KOHA) | |
| Source of classification or shelving scheme | |
| Koha item type | Book |
| Withdrawn status | Lost status | Source of classification or shelving scheme | Damaged status | Not for loan | Collection code | Permanent Location | Current Location | Date acquired | Total Checkouts | Full call number | Barcode | Date last seen | Price effective from | Koha item type |
|---|---|---|---|---|---|---|---|---|---|---|---|---|---|---|
| Military College of Signals (MCS) | Military College of Signals (MCS) | 12/12/2016 | 027.62/5/0973 SUL | MCSEB-2839 | 12/08/2016 | 12/12/2016 | Book |
